දොඩං

Saved in:
Bibliographic Details
Format: Book
Language:Sinhalese
Tags: Add Tag
No Tags, Be the first to tag this record!

MARC

LEADER 00000nam a22000007a 4500
003 LK-CoNLD
005 20230104085259.0
008 220325b |||||||| |||| 00| 0 sin d
015 |2 slnb 
017 |b 070LK-CoDNA 
040 |a LK-CoNLD  |b SIN  |c LK-CoNLD  |d LK-CoNLD 
082 |2 23  |q LK-CoNLD  |a 070.4092 
245 |6 880 - 1  |a දොඩං 
300 |a පි. 148 : ඡායාරූප ;  |b මැබැ-බෝක : මිල නොදැක්වේ  |c සෙමී. 22 
880 |6 245 - 1  |a Dodan 
942 |c BOOK 
999 |c 252721  |d 252721